banner-ar

WOOD CARVING : (Record no. 6561)

MARC details
000 -الفاتح
حقل البيانات ثابتة الطول 00587nam a2200217Ia 4500
008 - عناصر البيانات ثابتة الطول - معلومات عامة
حقل البيانات ثابتة الطول 140319s9999 xx 000 0 eng d
020 ## - الرقم الدولى المعيارى للكتب
الرقم الدولى المعيارى للكتاب 157990248
040 ## - مصدر الفهرسة
وكالة الفهرسة الأصلية GCL /
وكالة النسخ GCL
082 04 - رقم تصنيف ديوى العشرى
رقم التصنيف 736.4
رقم المادة H W
100 1# - المدخل الرئيسى - إسم شخصى
الإسم الشخصى HILLYER, JOHN
245 10 - بيان العنوان
العنوان WOOD CARVING :
بقية العنوان 20 GREAT PROJECTS FOR BEGINNERS & WEEKEND CARVERS /
بيان المسئوليه,etc HILLYER, JOHN
260 ## - PUBLICATION, DISTRIBUTION, ETC. (IMPRINT)
تاريخ النشر أو التوزيع 2002
300 ## - الوصف المادى
التعداد 32 CM ؛
أبعاد الوعاء 80 P
490 ## - بيان السلسلة
عنوان السلسلة THE WEEKEND CRAFTER
رقم المجلد/ التعيين التسلسلي 0
650 04 - المدخل الاضافى بالموضوع-مصطلح موضوعى
مصطلح موضوعي HANDICRAFTS
650 04 - المدخل الاضافى بالموضوع-مصطلح موضوعى
مصطلح موضوعي WOOD
650 04 - المدخل الاضافى بالموضوع-مصطلح موضوعى
مصطلح موضوعي WOOD CRAFT
650 04 - المدخل الاضافى بالموضوع-مصطلح موضوعى
مصطلح موضوعي WOOD WORK
942 ## - عناصر المدخل الإضافي( كوها)
مصدر التصنيف او مخطط الترفيف Dewey Decimal Classification
Koha [default] item type كتاب
260 ## - PUBLICATION, DISTRIBUTION, ETC. (IMPRINT)
-- نيويورك :
-- LARK BOOKS ،
Holdings
حالة التراجع حالة الفقد حالة تلف ليس للاعارة المكان المؤقت الموقع الحالى تاريخ الاكتساب اجمالي اﻻعارات رقم الطلب الباركود تاريخ اخر مشاهدة تاريخ تفعيل السعر نوع وعاء كوها
        مكتبة القاهرة الكبرى مكتبة القاهرة الكبرى 03/26/2014   736.4\H W 13852 03/26/2014 03/26/2014 كتاب
        مكتبة القاهرة الكبرى مكتبة القاهرة الكبرى 03/26/2014   736.4\H W 13853 03/26/2014 03/26/2014 كتاب

Powered By

EGPV